00531nam a22001937a 450000500170000001000150001702000260003203500130005803500170007103500130008803700130010103700220011408200060013610000220014224500420016426000490020627000610025530000210031620170504113117.0 aENG-109922 a9788192226651c599.00 aEN-93455 aB-534519-523 aB-667851 bDBAD/PUB bStar Pub/Venadpl aN aSubhashini Dinesh00aMy iron wings /cby Subhashini Dinesh aNew DelhibPalimpsest Publishing Housec2013 a16, Community Centre, Panchsheel ParkbNew Delhie110017 a404p. c24cm(Hb)